000
00187nam a2200085 4500
001
1300983
005
20260422145055.0
245
_a
NEHİRLE MÜCADELE
_c
BEAR GRYLLS
260
_b
TİMAŞ ÇOCUK
999
_c
1300983
_d
1300983